[Event "Open Mediterranean 2017"]
[Site "Rijeka CRO"]
[Date "2009.11.29"]
[Round "2.25"]
[White "Thingstad, Even"]
[Black "Mitkov, Marjan"]
[Result "0-1"]
[WhiteElo "2139"]
[BlackElo "2395"]
[PlyCount "110"]
[EventDate "2009.11.28"]
[EventType "swiss"]
[EventRounds "9"]
[EventCountry "CRO"]
[Source "lmi"]
[SourceDate "2009.11.28"]

1. d4 d5 2. c4 c6 3. Nf3 Nf6 4. Nc3 e6 5. Bg5 Nbd7 6. e3 Be7 7. Bd3 O-O 8. O-O
a6 9. e4 dxc4 10. Bxc4 b5 11. Bd3 h6 12. Bh4 c5 13. e5 Nd5 14. Bxe7 Qxe7 15.
Nxd5 exd5 16. dxc5 Nxc5 17. Rc1 Bg4 18. Re1 Rad8 19. Bb1 Bxf3 20. Qxf3 Ne6 21.
Rcd1 d4 22. Qe4 g6 23. f4 d3 24. f5 Rd4 25. Qe3 gxf5 26. Rxd3 f4 27. Qe2 Rfd8
28. Rxd4 Rxd4 29. Qc2 Qg5 30. Qh7+ Kf8 31. Be4 Ke7 32. Bf3 Qg6 33. Qxg6 fxg6
34. Rd1 Rxd1+ 35. Bxd1 Nd4 36. Bg4 Nc6 37. Bc8 a5 38. e6 Nd4 39. Kf2 g5 40. g3
Kd6 41. gxf4 gxf4 42. h4 b4 43. Kg2 Ke7 44. Kf2 Kf6 45. Bd7 Nxe6 46. Kf3 Nc5
47. Bb5 Kf5 48. Bc4 Na4 49. b3 Nc3 50. Bd3+ Ke5 51. Bc2 Nxa2 52. Bd1 Nc3 53.
Bc2 Nb5 54. Bd1 Nd4+ 55. Kf2 Ke4 0-1

[Event "Open Mediterranean 2017"]
[Site "Rijeka CRO"]
[Date "2009.11.29"]
[Round "2.26"]
[White "Antunovic, Ivo"]
[Black "Lekic, Dusan"]
[Result "1/2-1/2"]
[WhiteElo "2132"]
[BlackElo "2387"]
[PlyCount "80"]
[EventDate "2009.11.28"]
[EventType "swiss"]
[EventRounds "9"]
[EventCountry "CRO"]
[Source "lmi"]
[SourceDate "2009.11.28"]

1. Nf3 c5 2. g3 Nc6 3. Bg2 e5 4. O-O g6 5. c4 Bg7 6. Nc3 Nge7 7. Ne1 O-O 8. Nc2
d6 9. Ne3 Be6 10. d3 Qd7 11. Bd2 Bh3 12. a3 Bxg2 13. Kxg2 f5 14. Ned5 Nxd5 15.
Nxd5 e4 16. Rb1 exd3 17. exd3 Rae8 18. Re1 b6 19. b4 Rxe1 20. Qxe1 Re8 21. Qf1
Ne7 22. Nxe7+ Rxe7 23. Re1 d5 24. Rxe7 Qxe7 25. Qe1 Kf7 26. Qxe7+ Kxe7 27. b5
Ke6 28. Kf3 Be5 29. h3 Bf6 30. a4 g5 31. g4 f4 32. a5 Be5 33. a6 d4 34. Ke4 Bd6
35. f3 h6 36. Be1 Bc7 37. h4 Bd6 38. h5 Be5 39. Bf2 Bf6 40. Bg1 Be5 1/2-1/2

[Event "Open Mediterranean 2017"]
[Site "Rijeka CRO"]
[Date "2009.11.29"]
[Round "2.27"]
[White "Lovik, Lasse Ostebo"]
[Black "Orenda, Omar"]
[Result "0-1"]
[WhiteElo "2379"]
[BlackElo "2132"]
[PlyCount "104"]
[EventDate "2009.11.28"]
[EventType "swiss"]
[EventRounds "9"]
[EventCountry "CRO"]
[Source "lmi"]
[SourceDate "2009.11.28"]

1. Nf3 c5 2. g3 d5 3. Bg2 Nf6 4. c4 Nc6 5. O-O e5 6. d3 Be7 7. Nbd2 d4 8. Re1
O-O 9. h3 Nd7 10. g4 Re8 11. Ne4 Qc7 12. Ng3 b6 13. Nf5 Bb7 14. Nd2 Nf8 15. Ne4
Ng6 16. Kh2 Nd8 17. Bh1 Ne6 18. Rg1 Rad8 19. g5 Bc8 20. Bf3 Kh8 21. Bg4 Nef4
22. a4 a5 23. Ra3 Bxf5 24. Bxf5 Nh4 25. Bg4 f5 26. gxf6 gxf6 27. e3 Nfg6 28.
Ng3 dxe3 29. Bxe3 e4 30. Kh1 Qe5 31. Bd2 exd3 32. Bc3 Qf4 33. Nh5 Qe4+ 34. f3
Qc6 35. Re1 Rd6 36. Re4 d2 37. Ra1 Kg8 38. Qe2 f5 39. Bxf5 Nxf5 40. Bxd2 Nd4
41. Qg2 Nxf3 42. Qxf3 Rxd2 43. Nf4 Nxf4 44. Qxf4 Bf6 45. Rg1+ Bg7 46. Rge1 Rd4
47. Qc7 Qxc7 48. Rxe8+ Kf7 49. R8e2 Qc6+ 50. Kg1 Qg6+ 51. Kh2 Bf6 52. h4 Rxc4
0-1

[Event "Open Mediterranean 2017"]
[Site "Rijeka CRO"]
[Date "2009.11.29"]
[Round "2.28"]
[White "Pejic, Irving"]
[Black "Debray, Christopher"]
[Result "0-1"]
[WhiteElo "2132"]
[BlackElo "2358"]
[PlyCount "96"]
[EventDate "2009.11.28"]
[EventType "swiss"]
[EventRounds "9"]
[EventCountry "CRO"]
[Source "lmi"]
[SourceDate "2009.11.28"]

1. e4 c6 2. d4 d5 3. exd5 cxd5 4. c4 Nf6 5. Nc3 Nc6 6. Nf3 Bg4 7. cxd5 Nxd5 8.
Qb3 Bxf3 9. gxf3 Nb6 10. d5 Nd4 11. Bb5+ Nd7 12. Qa4 Nxb5 13. Qxb5 g6 14. O-O
Bg7 15. Re1 O-O 16. Bg5 Ne5 17. Re3 f6 18. Bf4 Qc8 19. Bg3 g5 20. Rae1 Rf7 21.
Ne4 h6 22. Nc5 a6 23. Qxb7 Qxb7 24. Nxb7 Ng6 25. Re6 Kh7 26. b4 f5 27. Bc7 Ra7
28. Nd8 Rf8 29. Ba5 Rd7 30. Rxa6 Rfxd8 31. Bxd8 Rxd8 32. Rd1 Nf4 33. d6 exd6
34. Raxd6 Ra8 35. b5 Rxa2 36. R6d2 Ra3 37. Rb1 Bd4 38. Rc2 Nd5 39. Rd1 Ra4 40.
Kf1 Nf4 41. Rb1 Kg7 42. Rc7+ Kg6 43. Rc6+ Kh5 44. Ra6 Rc4 45. b6 Rc2 46. b7
Rxf2+ 47. Ke1 Nd3+ 48. Kd1 Bc3 0-1

[Event "Open Mediterranean 2017"]
[Site "Rijeka CRO"]
[Date "2009.11.29"]
[Round "2.29"]
[White "Brumen, Dinko"]
[Black "Broekman, Willem"]
[Result "1-0"]
[WhiteElo "2349"]
[BlackElo "2129"]
[PlyCount "59"]
[EventDate "2009.11.28"]
[EventType "swiss"]
[EventRounds "9"]
[EventCountry "CRO"]
[Source "lmi"]
[SourceDate "2009.11.28"]

1. d4 e6 2. Nf3 f5 3. g3 Nf6 4. Bg2 d5 5. O-O Bd6 6. c4 c6 7. Nc3 O-O 8. c5 Bc7
9. b4 Ne4 10. Qc2 Bd7 11. Bf4 Bxf4 12. gxf4 Nxc3 13. Qxc3 Be8 14. a4 a6 15.
Rab1 Rf6 16. Rb3 Rf8 17. Rfb1 Qc7 18. Qe3 Rf6 19. Kh1 Rh6 20. Ng5 Qe7 21. b5
axb5 22. axb5 Ra5 23. Qe5 Ra8 24. Re3 cxb5 25. Bxd5 Bc6 26. Bf3 Rf6 27. d5 Nd7
28. Qc3 b4 29. Rxb4 Qxc5 30. dxc6 1-0

[Event "Open Mediterranean 2017"]
[Site "Rijeka CRO"]
[Date "2009.11.29"]
[Round "2.30"]
[White "Nilsen, Joachim Birger"]
[Black "Doric, Nenad"]
[Result "1-0"]
[WhiteElo "2126"]
[BlackElo "2344"]
[PlyCount "91"]
[EventDate "2009.11.28"]
[EventType "swiss"]
[EventRounds "9"]
[EventCountry "CRO"]
[Source "lmi"]
[SourceDate "2009.11.28"]

1. e4 c5 2. Nf3 Nc6 3. d4 cxd4 4. Nxd4 Qb6 5. Nb3 Nf6 6. Nc3 e6 7. Be3 Qc7 8.
Bd3 d6 9. O-O Be7 10. f4 a6 11. a4 b6 12. Qf3 Bb7 13. Rae1 Nb4 14. f5 e5 15.
Qg3 Kf8 16. Bd2 Nxd3 17. cxd3 Nd7 18. Rc1 Qd8 19. Nd5 Bxd5 20. exd5 Nc5 21. d4
Ne4 22. Qd3 Nxd2 23. Nxd2 Bf6 24. Rc6 exd4 25. Rfc1 g6 26. Ne4 Be5 27. f6 Qd7
28. Rc7 Qf5 29. Qxa6 Rd8 30. Rc8 Bxf6 31. Nxf6 Kg7 32. Rxd8 Rxd8 33. Rf1 Qe5
34. Qc4 Qe3+ 35. Kh1 h5 36. Qc2 d3 37. Qc3 Kh6 38. Rf3 Qe5 39. Qxe5 dxe5 40.
Rxd3 Kg5 41. Ne4+ Kf4 42. Nc3 e4 43. Rd1 f5 44. d6 Ke5 45. d7 Ke6 46. Nd5 1-0

[Event "Open Mediterranean 2017"]
[Site "Rijeka CRO"]
[Date "2009.11.29"]
[Round "2.31"]
[White "Diermair, Andreas"]
[Black "Berke, Ana"]
[Result "1-0"]
[WhiteElo "2341"]
[BlackElo "2123"]
[PlyCount "79"]
[EventDate "2009.11.28"]
[EventType "swiss"]
[EventRounds "9"]
[EventCountry "CRO"]
[Source "lmi"]
[SourceDate "2009.11.28"]

1. Nf3 c5 2. c4 Nc6 3. Nc3 e5 4. e3 Nge7 5. d4 cxd4 6. exd4 exd4 7. Nxd4 d5 8.
Bf4 a6 9. Nxc6 bxc6 10. Bd3 Be6 11. Qa4 dxc4 12. Bxc4 Qd4 13. Bxe6 Qxa4 14.
Bxf7+ Kxf7 15. Nxa4 Nd5 16. Bd2 Re8+ 17. Kd1 Re4 18. Nc3 Nxc3+ 19. Bxc3 Bb4 20.
Re1 Rxe1+ 21. Bxe1 Bxe1 22. Kxe1 Rb8 23. b3 Ke6 24. Rc1 Kd5 25. Kd2 a5 26. Rc4
Rf8 27. f3 c5 28. Ra4 Ra8 29. Kc3 Kc6 30. Rh4 h6 31. Rg4 Ra7 32. Kc4 g5 33. h4
a4 34. hxg5 axb3 35. axb3 h5 36. Rh4 Ra2 37. g4 Rc2+ 38. Kd3 Rf2 39. gxh5 Rxf3+
40. Kc4 1-0

[Event "Open Mediterranean 2017"]
[Site "Rijeka CRO"]
[Date "2009.11.29"]
[Round "2.32"]
[White "Sercer, Zoran"]
[Black "Cebalo, Miso"]
[Result "0-1"]
[WhiteElo "2116"]
[BlackElo "2483"]
[PlyCount "84"]
[EventDate "2009.11.28"]
[EventType "swiss"]
[EventRounds "9"]
[EventCountry "CRO"]
[Source "lmi"]
[SourceDate "2009.11.28"]

1. e4 c5 2. c3 b6 3. d4 Bb7 4. Bd3 Nf6 5. Qe2 cxd4 6. cxd4 Nc6 7. Nf3 Nb4 8.
Nc3 Nxd3+ 9. Qxd3 g6 10. O-O Bg7 11. Bg5 h6 12. Bh4 O-O 13. Nd2 d5 14. e5 Ne4
15. Ndxe4 dxe4 16. Qe3 f5 17. exf6 exf6 18. Rad1 Qd7 19. d5 f5 20. f3 exf3 21.
Qxf3 Rae8 22. Rd2 f4 23. Bf2 g5 24. h3 Rf5 25. Rfd1 Qf7 26. Bd4 Bf8 27. Bf2 Rd8
28. Qe4 Bg7 29. Qe6 h5 30. Qxf7+ Kxf7 31. d6 Rd7 32. a4 Bc6 33. Rc1 Bf6 34. b3
g4 35. Na2 Bd5 36. Rc7 Ke6 37. Nb4 Bxb3 38. Rxd7 Kxd7 39. hxg4 hxg4 40. Na6 Rd5
41. Rxd5 Bxd5 42. Nc7 Bc6 0-1

[Event "Open Mediterranean 2017"]
[Site "Rijeka CRO"]
[Date "2009.11.29"]
[Round "2.33"]
[White "Haug, Marianne Wold"]
[Black "Sale, Srdjan"]
[Result "1/2-1/2"]
[WhiteElo "2005"]
[BlackElo "2399"]
[PlyCount "42"]
[EventDate "2009.11.28"]
[EventType "swiss"]
[EventRounds "9"]
[EventCountry "CRO"]
[Source "lmi"]
[SourceDate "2009.11.28"]

1. e4 c5 2. Nf3 g6 3. d4 Bg7 4. Nc3 cxd4 5. Nxd4 Nc6 6. Be3 Nf6 7. Bc4 O-O 8.
Bb3 a5 9. f3 d5 10. Bxd5 Nxd5 11. Nxd5 e6 12. Nxc6 bxc6 13. Nb6 Rb8 14. Qxd8
Rxd8 15. Nxc8 Rdxc8 16. Rb1 Bxb2 17. Ke2 Be5 18. h3 Rb4 19. Rxb4 axb4 20. Bc5
Bc3 21. a3 bxa3 1/2-1/2

[Event "Open Mediterranean 2017"]
[Site "Rijeka CRO"]
[Date "2009.11.29"]
[Round "2.34"]
[White "Bukal, Vladimir Jr"]
[Black "Juretic, Boris"]
[Result "1-0"]
[WhiteElo "2387"]
[BlackElo "1857"]
[PlyCount "69"]
[EventDate "2009.11.28"]
[EventType "swiss"]
[EventRounds "9"]
[EventCountry "CRO"]
[Source "lmi"]
[SourceDate "2009.11.28"]

1. d4 d5 2. c4 e6 3. Nc3 Nf6 4. Nf3 Be7 5. Bf4 c6 6. e3 Nbd7 7. Qc2 Nh5 8. Bg3
Nxg3 9. hxg3 f5 10. g4 fxg4 11. Nd2 Nf6 12. Bd3 h6 13. Bg6+ Kd7 14. O-O-O Bb4
15. Kb1 Bxc3 16. Qxc3 h5 17. Bc2 a6 18. e4 h4 19. Qe3 Kc7 20. Qg5 dxe4 21.
Qxg7+ Bd7 22. Qg5 b6 23. Rxh4 Rxh4 24. Qxh4 Qh8 25. Qg3+ Kb7 26. Qe5 Rd8 27.
Bxe4 Nxe4 28. Nxe4 Qxe5 29. dxe5 Kc7 30. Nf6 g3 31. f4 c5 32. Rxd7+ Rxd7 33.
Nxd7 Kxd7 34. Kc2 b5 35. b3 1-0

[Event "Open Mediterranean 2017"]
[Site "Rijeka CRO"]
[Date "2009.11.29"]
[Round "2.35"]
[White "Plenca, Julijan"]
[Black "Kanceljak, Dalia"]
[Result "1-0"]
[WhiteElo "2317"]
[BlackElo "1919"]
[PlyCount "103"]
[EventDate "2009.11.28"]
[EventType "swiss"]
[EventRounds "9"]
[EventCountry "CRO"]
[Source "lmi"]
[SourceDate "2009.11.28"]

1. e4 c5 2. Nf3 e6 3. d4 cxd4 4. Nxd4 Nc6 5. Nc3 d6 6. Be3 Nf6 7. f3 Be7 8. Qd2
Bd7 9. Ndb5 Qb8 10. O-O-O O-O 11. Nxd6 Rd8 12. Ndb5 a6 13. Nd4 b5 14. Qf2 Ne5
15. Kb1 b4 16. Nce2 Nc4 17. Nc1 Nxe3 18. Qxe3 Bc5 19. Qg5 Qb6 20. Ncb3 Be7 21.
Qa5 Qb8 22. Be2 Rc8 23. Qg5 Qc7 24. Qd2 a5 25. Bb5 Bxb5 26. Nxb5 Qb6 27. N5d4
a4 28. Nc1 Rd8 29. e5 Nd5 30. Qe2 Nc3+ 31. bxc3 bxc3+ 32. Ndb3 Rxd1 33. Rxd1
axb3 34. cxb3 Rc8 35. Qc2 Qe3 36. Nd3 h6 37. f4 Ba3 38. Re1 Qd4 39. g3 Rd8 40.
Nf2 Qb4 41. Nd3 Qd4 42. Rd1 Qe3 43. Qxc3 Qe2 44. Qc2 Qf3 45. Nf2 Rb8 46. Ne4
Qe3 47. Nd6 Qf3 48. Nc4 Bb4 49. Rd3 Qh1+ 50. Kb2 Bc5 51. Qe2 Qg1 52. Rd1 1-0

[Event "Open Mediterranean 2017"]
[Site "Rijeka CRO"]
[Date "2009.11.29"]
[Round "2.36"]
[White "Peric, Davor"]
[Black "Agaragimov, Djakhangir"]
[Result "0-1"]
[WhiteElo "1940"]
[BlackElo "2294"]
[PlyCount "72"]
[EventDate "2009.11.28"]
[EventType "swiss"]
[EventRounds "9"]
[EventCountry "CRO"]
[Source "lmi"]
[SourceDate "2009.11.28"]

1. d4 g6 2. Nf3 Bg7 3. Bf4 Nf6 4. e3 d6 5. Bd3 O-O 6. O-O c5 7. c3 Nc6 8. h3
Re8 9. e4 cxd4 10. Nxd4 Nxd4 11. cxd4 Qb6 12. Qb3 Qxd4 13. Be3 Qe5 14. Nc3 Bd7
15. f4 Qa5 16. f5 gxf5 17. exf5 Bc6 18. Bd4 Nd7 19. Bxg7 Kxg7 20. f6+ Nxf6 21.
Bxh7 Qb6+ 22. Qxb6 axb6 23. Bd3 Ra5 24. Rf4 e5 25. Rb4 d5 26. Rxb6 d4 27. Ne2
e4 28. Bc4 Rc5 29. b3 Rd8 30. Rd1 d3 31. Kf2 Rf5+ 32. Ke1 Ra5 33. Nc3 Re5 34.
Ne2 Nd7 35. Rxc6 bxc6 36. Nd4 Nb8 0-1

[Event "Open Mediterranean 2017"]
[Site "Rijeka CRO"]
[Date "2009.11.29"]
[Round "2.37"]
[White "Monjac, Mislav"]
[Black "Franciskovic, Vinko"]
[Result "0-1"]
[WhiteElo "1856"]
[BlackElo "2108"]
[PlyCount "78"]
[EventDate "2009.11.28"]
[EventType "swiss"]
[EventRounds "9"]
[EventCountry "CRO"]
[Source "lmi"]
[SourceDate "2009.11.28"]

1. e4 c6 2. d4 d6 3. Nc3 g6 4. Nf3 Bg7 5. Bc4 Nf6 6. Bb3 O-O 7. O-O Nbd7 8. Bf4
Nh5 9. Be3 Qc7 10. Qe2 e5 11. d5 c5 12. Nb5 Qb8 13. c4 a6 14. Nc3 Ndf6 15. h3
Bd7 16. Bg5 h6 17. Bxf6 Bxf6 18. Ba4 Nf4 19. Qe3 b5 20. cxb5 axb5 21. Bc2 Qc8
22. Ne2 Bg5 23. Nxg5 hxg5 24. Nxf4 gxf4 25. Qe2 Kg7 26. f3 Rh8 27. Kf2 Qd8 28.
Ke1 Qb6 29. Rh1 Ra7 30. Kf2 c4+ 31. Kf1 Qd4 32. Bd1 Rha8 33. a3 b4 34. Qf2 bxa3
35. Rxa3 Rxa3 36. bxa3 Rxa3 37. Qxd4 exd4 38. Kg1 Ra1 39. Kh2 d3 0-1

[Event "Open Mediterranean 2017"]
[Site "Rijeka CRO"]
[Date "2009.11.29"]
[Round "2.38"]
[White "Draskovic, Luka"]
[Black "Hamzic, Abid"]
[Result "1-0"]
[WhiteElo "2113"]
[BlackElo "1843"]
[PlyCount "66"]
[EventDate "2009.11.28"]
[EventType "swiss"]
[EventRounds "9"]
[EventCountry "CRO"]
[Source "lmi"]
[SourceDate "2009.11.28"]

1. e4 e5 2. Nf3 Nc6 3. d4 exd4 4. Nxd4 Nxd4 5. Qxd4 Qe7 6. Nc3 c6 7. Be2 Qc5 8.
Qd3 Qd6 9. Be3 Qxd3 10. cxd3 Bb4 11. a3 Ba5 12. b4 Bc7 13. f4 f6 14. Rc1 Ne7
15. g3 d6 16. Kf2 Bd7 17. d4 b6 18. Bf3 Rc8 19. Rhd1 Bb8 20. a4 a6 21. Be2 Kf7
22. Bxa6 Rc7 23. f5 g6 24. Bf4 Nc8 25. g4 h5 26. e5 g5 27. e6+ Bxe6 28. fxe6+
Kxe6 29. Bc4+ Kd7 30. Be3 hxg4 31. Kg2 Ne7 32. Be2 Rcc8 33. b5 cxb5 1-0

[Event "Open Mediterranean 2017"]
[Site "Rijeka CRO"]
[Date "2009.11.29"]
[Round "2.39"]
[White "Bjelicic, Jan"]
[Black "Cabrijan, Ivan"]
[Result "1-0"]
[WhiteElo "2087"]
[BlackElo "1822"]
[PlyCount "103"]
[EventDate "2009.11.28"]
[EventType "swiss"]
[EventRounds "9"]
[EventCountry "CRO"]
[Source "lmi"]
[SourceDate "2009.11.28"]

1. e4 Nc6 2. d4 d6 3. Nc3 e6 4. Be3 Be7 5. Bd3 a6 6. Nge2 b5 7. O-O Nb4 8. Ng3
Nxd3 9. Qxd3 Nf6 10. f4 Bb7 11. Nxb5 O-O 12. Nc3 a5 13. Qd1 c5 14. d5 Rb8 15.
Rb1 Qc8 16. a3 Kh8 17. Re1 Ng8 18. f5 Bh4 19. Bf2 e5 20. Qg4 Bxg3 21. Bxg3 f6
22. Re3 Qd7 23. Qe2 Ba8 24. Be1 Rb6 25. a4 Rb4 26. b3 Rbb8 27. Nb5 Qd8 28. Qd2
Ne7 29. Qxa5 Qd7 30. Qc7 Rb7 31. Qxd7 Rxd7 32. c4 g6 33. g4 Bb7 34. Rg3 g5 35.
h4 h6 36. Rh3 Kg7 37. Bd2 Ng8 38. Kf2 Ba6 39. Rbh1 Bxb5 40. cxb5 Rfd8 41. b6
Kf8 42. a5 Rb7 43. b4 Rc8 44. Rc1 Kg7 45. bxc5 dxc5 46. Rhc3 Ne7 47. hxg5 hxg5
48. Rxc5 Rh8 49. Kg3 Rbb8 50. Rc7 Kf7 51. Bb4 Rbe8 52. d6 1-0

[Event "Open Mediterranean 2017"]
[Site "Rijeka CRO"]
[Date "2009.11.29"]
[Round "2.40"]
[White "Pijanovic, Dusan"]
[Black "Noordhoek, Henk"]
[Result "0-1"]
[WhiteElo "1823"]
[BlackElo "2087"]
[PlyCount "96"]
[EventDate "2009.11.28"]
[EventType "swiss"]
[EventRounds "9"]
[EventCountry "CRO"]
[Source "lmi"]
[SourceDate "2009.11.28"]

1. d4 Nf6 2. c4 g6 3. Nc3 d5 4. cxd5 Nxd5 5. e4 Nxc3 6. bxc3 c5 7. Nf3 Bg7 8.
Be2 O-O 9. O-O Bg4 10. Bb2 Nc6 11. Rb1 Qc7 12. Qa4 Rfd8 13. d5 Ne5 14. Qd1 c4
15. Nxe5 Bxe2 16. Qxe2 Bxe5 17. g3 e6 18. f4 Bg7 19. dxe6 fxe6 20. Rfd1 Bf8 21.
Bc1 Rxd1+ 22. Qxd1 Bc5+ 23. Kg2 Rd8 24. Qe2 Rd3 25. Rb2 Rxc3 26. Rc2 Rxc2 27.
Qxc2 Bf8 28. Bb2 Bg7 29. e5 Qc6+ 30. Kh3 b5 31. Ba3 Bf8 32. Bc1 b4 33. Qg2
Qxg2+ 34. Kxg2 b3 35. axb3 cxb3 36. Kf3 a5 37. Ke3 a4 38. Kd3 a3 39. Kc3 b2 40.
Bxb2 Bb4+ 41. Kb3 axb2 42. Kxb2 Bc5 43. g4 Bg1 44. h3 Bh2 45. f5 Bxe5+ 46. Kc2
gxf5 47. gxf5 exf5 48. Kd3 Kf7 0-1

[Event "Open Mediterranean 2017"]
[Site "Rijeka CRO"]
[Date "2009.11.29"]
[Round "2.41"]
[White "Spika, Ivica"]
[Black "Mravic, Filip"]
[Result "1-0"]
[WhiteElo "2086"]
[BlackElo "1810"]
[PlyCount "55"]
[EventDate "2009.11.28"]
[EventType "swiss"]
[EventRounds "9"]
[EventCountry "CRO"]
[Source "lmi"]
[SourceDate "2009.11.28"]

1. d4 d5 2. c4 c6 3. Nc3 Nf6 4. Nf3 dxc4 5. e4 b5 6. Qc2 a6 7. Be3 h6 8. Be2 e6
9. O-O Bb7 10. Ne5 Nbd7 11. f4 Nxe5 12. fxe5 Nd7 13. Rad1 Qc7 14. d5 Qxe5 15.
Bf4 Qf6 16. Bc7 Bc5+ 17. Kh1 Qe7 18. d6 Qg5 19. Rf3 Qe5 20. Rh3 g6 21. Qd2 h5
22. Rg3 Bb4 23. Rg5 Bxc3 24. bxc3 Qxe4 25. Bf3 Qd3 26. Qc1 f6 27. Rxd3 cxd3 28.
Rxg6 1-0

[Event "Open Mediterranean 2017"]
[Site "Rijeka CRO"]
[Date "2009.11.29"]
[Round "2.42"]
[White "Dubrovic, Mihovil"]
[Black "Padjen, Zdenko"]
[Result "1-0"]
[WhiteElo "1811"]
[BlackElo "2082"]
[PlyCount "79"]
[EventDate "2009.11.28"]
[EventType "swiss"]
[EventRounds "9"]
[EventCountry "CRO"]
[Source "lmi"]
[SourceDate "2009.11.28"]

1. e4 c5 2. Nf3 g6 3. c3 Bg7 4. d4 cxd4 5. cxd4 d5 6. e5 Bg4 7. Nbd2 Nc6 8. Bb5
Qb6 9. Bxc6+ Qxc6 10. O-O Nh6 11. h3 Bf5 12. Re1 O-O 13. Nf1 Rac8 14. Bd2 f6
15. Rc1 Qb5 16. Rxc8 Rxc8 17. exf6 exf6 18. Bc3 Be4 19. Ng3 f5 20. Nd2 Bd3 21.
Qf3 Be4 22. Qd1 Bd3 23. Ne2 g5 24. Nc1 Bc4 25. Qh5 Nf7 26. Re7 Rf8 27. Qf3 Qb6
28. Nxc4 dxc4 29. Rxb7 Qg6 30. Rxa7 g4 31. hxg4 fxg4 32. Qe2 Qb1 33. Qe1 Bh6
34. Ne2 Qd3 35. Ng3 Bf4 36. Nh5 Bb8 37. Ra6 Ng5 38. Nf6+ Kf7 39. Nxg4 Rg8 40.
Rf6+ 1-0

[Event "Open Mediterranean 2017"]
[Site "Rijeka CRO"]
[Date "2009.11.29"]
[Round "2.43"]
[White "Brenc, Tomislav"]
[Black "Mateta, Marin"]
[Result "1-0"]
[WhiteElo "2075"]
[BlackElo "1735"]
[PlyCount "59"]
[EventDate "2009.11.28"]
[EventType "swiss"]
[EventRounds "9"]
[EventCountry "CRO"]
[Source "lmi"]
[SourceDate "2009.11.28"]

1. e4 c5 2. Nf3 Nc6 3. b3 e5 4. Bb2 d6 5. Bb5 Bd7 6. d3 Nd4 7. Bxd7+ Qxd7 8.
Nxd4 cxd4 9. c3 dxc3 10. Nxc3 Nf6 11. O-O Be7 12. d4 exd4 13. Qxd4 O-O 14. Rad1
Rfd8 15. Nd5 Ne8 16. Rd3 f6 17. Rg3 Kh8 18. h4 Qe6 19. h5 Bf8 20. h6 Qe5 21.
Qd2 Qe6 22. Qf4 Rd7 23. Qh4 g6 24. Nxf6 Nxf6 25. Bxf6+ Kg8 26. Re1 Qe8 27. e5
dxe5 28. Bxe5 Rad8 29. Qf6 Bxh6 30. Qh8+ 1-0

[Event "Open Mediterranean 2017"]
[Site "Rijeka CRO"]
[Date "2009.11.29"]
[Round "2.44"]
[White "Dujic, Marko"]
[Black "Logar, Metod"]
[Result "0-1"]
[WhiteElo "1735"]
[BlackElo "2071"]
[PlyCount "46"]
[EventDate "2009.11.28"]
[EventType "swiss"]
[EventRounds "9"]
[EventCountry "CRO"]
[Source "lmi"]
[SourceDate "2009.11.28"]

1. e4 e5 2. Nf3 Nc6 3. Bc4 Bc5 4. O-O Nf6 5. Re1 d6 6. h3 O-O 7. c3 Nxe4 8.
Rxe4 d5 9. Rh4 e4 10. Qc2 g6 11. d4 exf3 12. Rf4 Bd6 13. Bf1 Bxf4 14. Bxf4 fxg2
15. Bxg2 Bxh3 16. Bh6 Bxg2 17. Kxg2 Re8 18. Nd2 Qh4 19. Rh1 Qg4+ 20. Kf1 Re2
21. Be3 Re8 22. Qd1 R8xe3 23. fxe3 Qg2# 0-1

[Event "Open Mediterranean 2017"]
[Site "Rijeka CRO"]
[Date "2009.11.29"]
[Round "2.45"]
[White "Muskardin, Mario"]
[Black "Jerkovic, Maroje"]
[Result "1-0"]
[WhiteElo "2067"]
[BlackElo "1726"]
[PlyCount "77"]
[EventDate "2009.11.28"]
[EventType "swiss"]
[EventRounds "9"]
[EventCountry "CRO"]
[Source "lmi"]
[SourceDate "2009.11.28"]

1. e4 e5 2. Nf3 Nf6 3. Nxe5 d6 4. Nf3 Nxe4 5. d4 d5 6. Bd3 Be7 7. O-O O-O 8.
Re1 Ng5 9. Nxg5 Bxg5 10. Bxg5 Qxg5 11. Re5 Qg4 12. Qxg4 Bxg4 13. Rxd5 Nc6 14.
c3 Rfe8 15. f3 Be6 16. Rb5 Rab8 17. Be4 Nd8 18. d5 f5 19. Bd3 Bd7 20. Rc5 Rc8
21. Ra5 Ra8 22. Nd2 b6 23. Ra3 Nb7 24. Kf2 a5 25. b4 axb4 26. Rxa8 Rxa8 27.
cxb4 Ra3 28. Ke2 Rc3 29. Re1 Ra3 30. Rc1 Nd6 31. Rxc7 Bb5 32. Bxb5 Nxb5 33. Rd7
f4 34. d6 Nd4+ 35. Kd1 Rxa2 36. Nc4 Rxg2 37. Ne5 g5 38. Rd8+ Kg7 39. d7 1-0

[Event "Open Mediterranean 2017"]
[Site "Rijeka CRO"]
[Date "2009.11.29"]
[Round "2.46"]
[White "Krsnik Cohar, Ivan Vihor"]
[Black "Klasan, Elvis"]
[Result "0-1"]
[WhiteElo "1732"]
[BlackElo "2066"]
[PlyCount "88"]
[EventDate "2009.11.28"]
[EventType "swiss"]
[EventRounds "9"]
[EventCountry "CRO"]
[Source "lmi"]
[SourceDate "2009.11.28"]

1. d4 g6 2. Nf3 Bg7 3. Bg5 Nf6 4. e3 d5 5. Bd3 O-O 6. O-O Nbd7 7. Nbd2 h6 8.
Bh4 Re8 9. c3 g5 10. Bg3 Nf8 11. Ne5 N6d7 12. f4 Nxe5 13. fxe5 Be6 14. e4 c6
15. Qh5 f6 16. exd5 Bf7 17. Qf3 Bxd5 18. Bc4 Bxc4 19. Nxc4 Qd5 20. exf6 Qxf3
21. Rxf3 exf6 22. Na5 Re7 23. Re1 Rae8 24. Rxe7 Rxe7 25. Kf2 Kf7 26. Re3 Ne6
27. Nc4 f5 28. Bd6 Rd7 29. Be5 Bf6 30. Nd6+ Kg6 31. Nxf5 Bxe5 32. Rxe5 Nf4 33.
Ke3 Nxg2+ 34. Kf3 Rf7 35. Ke4 Nf4 36. h4 Nd5 37. hxg5 hxg5 38. Re6+ Rf6 39.
Ne7+ Kf7 40. Rxf6+ Nxf6+ 41. Kf5 Kxe7 42. Kxg5 Ne4+ 43. Kf4 Nf2 44. Kf3 Nd1 0-1

[Event "Open Mediterranean 2017"]
[Site "Rijeka CRO"]
[Date "2009.11.29"]
[Round "2.47"]
[White "Steinhart, Christoph"]
[Black "Dubrovic, Gabriel"]
[Result "1-0"]
[WhiteElo "2045"]
[BlackElo "1627"]
[PlyCount "53"]
[EventDate "2009.11.28"]
[EventType "swiss"]
[EventRounds "9"]
[EventCountry "CRO"]
[Source "lmi"]
[SourceDate "2009.11.28"]

1. e4 c5 2. Nf3 Nc6 3. d4 cxd4 4. Nxd4 e5 5. Nf3 h6 6. Bc4 Nf6 7. O-O Bc5 8.
Nc3 O-O 9. a3 a6 10. Qd3 b5 11. Ba2 Re8 12. Nd5 d6 13. b4 Ba7 14. Be3 Bxe3 15.
fxe3 Ra7 16. Nxf6+ Qxf6 17. Nd4 Qxf1+ 18. Rxf1 exd4 19. exd4 Kf8 20. e5 dxe5
21. Qh7 f6 22. Qg8+ Ke7 23. Qxg7+ Kd8 24. Qxf6+ Kc7 25. dxe5 Kb6 26. Qf2+ Kc7
27. Qc5 1-0

[Event "Open Mediterranean 2017"]
[Site "Rijeka CRO"]
[Date "2009.11.29"]
[Round "2.48"]
[White "Kolanovic, Kazimir"]
[Black "Zrilic, Bozo"]
[Result "1-0"]
[WhiteElo "1673"]
[BlackElo "2021"]
[PlyCount "99"]
[EventDate "2009.11.28"]
[EventType "swiss"]
[EventRounds "9"]
[EventCountry "CRO"]
[Source "lmi"]
[SourceDate "2009.11.28"]

1. d4 Nf6 2. c4 e6 3. a3 b6 4. Nc3 Bb7 5. Bf4 d6 6. e3 Nbd7 7. Nf3 g6 8. Be2
Bg7 9. h3 O-O 10. Bh2 Ne4 11. Nxe4 Bxe4 12. Bd3 Bb7 13. O-O Qe7 14. Re1 Rfd8
15. Be2 e5 16. Rb1 Be4 17. Rc1 a5 18. Qd2 a4 19. Rcd1 Bh6 20. Qc3 Bg7 21. Qd2
h6 22. Rf1 g5 23. Ne1 f5 24. Bf3 exd4 25. exd4 f4 26. Bxe4 Qxe4 27. Nf3 Re8 28.
Rfe1 Qf5 29. Rxe8+ Rxe8 30. Re1 Rxe1+ 31. Qxe1 Nf8 32. Qd1 Ne6 33. Kh1 Qe4 34.
Qxa4 Qb1+ 35. Bg1 Qxb2 36. Qe8+ Nf8 37. Qc6 Qxa3 38. Qxc7 Qb4 39. Qc6 Bf6 40.
Qd5+ Kg7 41. Qb7+ Kg8 42. Qd5+ Kh7 43. Qf7+ Bg7 44. Nh2 b5 45. cxb5 Qxb5 46.
Ng4 Nd7 47. Qe7 h5 48. Qe4+ Kg8 49. Qe8+ Nf8 50. Qxb5 1-0